Medagliere Olimpiadi invernali Innsbruck 1964 - Statistics

Statistiche generali
  • Questo quiz è stato fatto 2 volte
  • Il punteggio medio è 6 su 10
Statistiche sulle risposte
Medaglie d'Oro Medaglie d'Argento Medaglie di Bronzo Medaglie complessive Rappresentativa olimpica % Corretto
3 4 0 7 Francia
100%
3 3 3 9 Squadra Unificata Tedesca
100%
1 2 4 7 Stati Uniti
100%
4 5 3 12 Austria
50%
3 4 3 10 Finlandia
50%
0 1 3 4 Italia
50%
3 6 6 15 Norvegia
50%
3 3 1 7 Svezia
50%
1 1 0 2 Paesi Bassi
0%
11 8 6 25 Unione Sovietica
0%
Nessun quiz corrispondente trovato
Distribuzione punteggi
Percentuale di utenti per punteggio
Percentile per numero di risposta
I tuoi punteggi nel tempo
Non hai fatto questo quiz